|
|
|
|
| LEADER |
00000naa2a2200000 4500 |
| 001 |
188931 |
| 005 |
20241223162711.0 |
| 035 |
|
|
|a (RuTPU)RU\TPU\book\205226
|
| 035 |
|
|
|a RU\TPU\tpu\4651
|
| 090 |
|
|
|a 188931
|
| 100 |
|
|
|a 20101216d1963 k||y0rusy50 ca
|
| 101 |
0 |
|
|a rus
|
| 102 |
|
|
|a RU
|
| 200 |
1 |
|
|a К вопросу об устойчивости работы электромашинного усилителя с поперечным полем
|f В. П. Лагунов, В. М. Рикконен
|
| 320 |
|
|
|a Библиогр.: 6 назв.
|
| 463 |
|
1 |
|0 (RuTPU)RU\TPU\book\186143
|t Вопросы теории и проектирования электрических машин
|o межвузовский сборник трудов
|f Западно-Сибирский совет по координации и планированию научно-исследовательских работ по техническим и естественным наукам ; ред. В. М. Казанский
|v С. 87-94
|d 1963
|s Межвузовский сборник трудов ; Вып. 3
|
| 610 |
1 |
|
|a электрические машины
|
| 610 |
1 |
|
|a труды учёных ТПУ
|
| 610 |
1 |
|
|a электропривод
|
| 700 |
|
1 |
|a Лагунов
|b В. П.
|
| 701 |
|
1 |
|a Рикконен
|b В. М.
|
| 801 |
|
0 |
|a RU
|b 63413507
|c 20011210
|g PSBO
|
| 801 |
|
2 |
|a RU
|b 63413507
|c 20101216
|g PSBO
|
| 942 |
|
|
|c BK
|